000 00639nam a2200241Ia 4500
003 OSt
005 20221005083814.0
006 a|||||r|||| 00| 0
007 ta
008 221004b |||||||| |||| 00| 0 eng d
024 _a27435
037 _cTextual
040 _aCRL
_cCRL
_beng
041 _2eng
_aeng
082 _aB.2'C, N2
100 _aBhanu Murthy T S
_9612837
245 0 _aModern introduction to ancient Indian mathematics
260 _aNew Delhi
_bWiley Eastern
_c1992
300 _a214p
_ccm.
650 _aMATHEMATICS
942 _hB.2'C, N2
_cTEXL
_2cc
999 _c991571
_d991571